Hitotsubashi journal of commerce and management

Enregistré dans:
Détails bibliographiques
Format: Publication en série
Langue:anglais
Publié: Tokyo Hitotsubashi University 2003
Tags: Ajouter un tag
Pas de tags, Soyez le premier à ajouter un tag!

MARC

LEADER 00000nas2a22000001 4500
001 0052571
005 20230317103716.2
041 0 |a eng 
044 |a JP 
245 1 0 |a Hitotsubashi journal of commerce and management 
264 1 |a Tokyo  |b Hitotsubashi University  |c 2003 
773 0 |w eu_un_cat*s120197